| 000 | 00545nam a22001697a 4500 | ||
|---|---|---|---|
| 005 | 20251108165035.0 | ||
| 008 | 250721s1984 xx 000 0 ara d | ||
| 082 | 1 | 4 | _a928.1/توف |
| 100 | 1 | _aدسوقي، فاروق أحمد | |
| 245 | 1 | 0 | _aلمن إستمع توفيق الحكيم و إلى من تحدث / |
| 264 | 1 |
_aالإسكندرية : _bدار الدعوة للطباعة و النشر و التوزيع، _c1984. |
|
| 300 | _a82ص | ||
| 650 | 1 | 7 | _aالتراجم |
| 650 | 1 | 7 | _aالأدباء |
| 942 |
_2ddc _cBK |
||
| 999 |
_c20651 _d20651 |
||